000 01778nam0a22003011 4500
001 rc\4351564
005 20260406084309.0
021 _aRU
_b[65-26461]
035 _a(NLR Aleph) 008529511
090 _a8279026
_c8279026
100 _a20130416d1965 |||y0rusy50 ca
101 0 _arus
102 _aRU
105 _ay z |||||
200 1 _aГазоочистка и пылеулавливание в цветной металлургии
_eКнижная, журн. и патентная литература на рус. и иностр. яз. за 1960 (2 полугодие) - 1964 гг. (1 полугодие)
_fГос. ком. по черной и цвет. металлургии при Госплане СССР. Центр. науч.-исслед. ин-т информации и техн.-экон. исследований цвет. металлургии
210 _aМосква
_cБ. и.
_d1965
215 _a78 с.
_d21
225 1 _a[Общеотраслевая информация]
_iЦентральная научно-техническая библиотека цветной металлургии. [Библиографический список
_v993/64]
300 _aНа обороте тит. л. сост.: библиограф А.А. Дробикова
606 _aЦветная металлургия
_xОбеспыливание
_jБиблиография
_2psbo
606 _aГазы промышленные
_xОчистка
_jБиблиография
_2psbo
702 1 _4220
_7ca
_8rus
_aДробикова
_bА. А.
_f1926-
_gАнтонина Андреевна
_92650909
_3RU\NLR\AUTH\770278942
801 0 _aRU
_bNLR
_gpsbo
801 1 _aRU
_bELAR
_2rusmarc
852 _aNLR
_jС337-410/Г-13
942 _cBOOK
980 _aNB